Szczegóły MARC21

MyGrammarLab Advanced C1/C2 : with key : suitable for self study /

003 -Nazwa inst., której nr kontr. jest w polu 001 [,]
    • @
    • Nazwa instytucji, której n kontrolny jest w polu 001
    • NUKAT
005 -DATA I CZAS OSTATNIEJ MODYFIKACJI [,]
    • @
    • pole kontrolne
    • 20241231093829.0
020 -Międzynarod. znormalizowany nr książki - ISBN [ , ]
    • a
    • Numer ISBN
    • 9781408299111 Find
    • q
    • Dopowiedzenie
    • with key
020 -Międzynarod. znormalizowany nr książki - ISBN [ , ]
    • a
    • Numer ISBN
    • 9781408299128 Find
    • q
    • Dopowiedzenie
    • without key
020 -Międzynarod. znormalizowany nr książki - ISBN [ , ]
    • a
    • Numer ISBN
    • 9781408299289 Find
    • q
    • Dopowiedzenie
    • Class audio CDs
040 -Instytucja sporządzająca opis [ , ]
    • a
    • Instytucja, która sporządziła opis (NP)
    • GD U/1AA
    • c
    • Instytucja, która sporządziła rekord (NP)
    • GD U/1AAs
    • d
    • Instytucja, która zmodyfikowała rekord (P)
    • KR 306/LS
942 -Rodzaj dokumentu [ , ]
    • c
    • Rodzaj dokumentu
    • Książka
100 -Hasło główne - nazwa osobowa [1, ]
    • a
    • Nazwa osobowa (NP)
    • Foley, Mark.
    • 9
    • KHW
    • 84427
245 -Strefa tytułu i oznaczenia odpowiedzialności [1,0]
    • a
    • Tytuł
    • MyGrammarLab Advanced C1/C2 : Find
    • b
    • Ciąg dalszy tytułu (NP)
    • with key : suitable for self study / Find
    • c
    • Pozostałe elementy strefy tytułu i oznaczenia odpowiedzialności (NP)
    • Mark Foley, Diane Hall.
246 -Wariant tytułu [1,8]
    • a
    • Tytuł (NP)
    • MyGrammarLab book + online + mobile
250 -Strefa wydania [ , ]
    • a
    • Oznaczenie wydania (NP)
    • 2nd impr.
260 -Strefa adresu wydawniczego [ , ]
    • a
    • Miejsce wydania (P)
    • Harlow :
    • b
    • Nazwa wydawcy (P)
    • Pearson Education Limited,
    • c
    • Data wydania (P)
    • 2012.
300 -Strefa opisu fizycznego [ , ]
    • a
    • Określenie formy książki i/lub objętość (NP)
    • 410 s. :
    • b
    • Oznaczenie ilustracji (NP)
    • il. ;
    • c
    • Format (NP)
    • 27 cm.
336 -Typ zawartości [ , ]
    • a
    • Termin opisujący typ zawartości
    • Tekst
    • b
    • Kod określający zawartość
    • txt
    • 2
    • Źródło (terminu i kodu)
    • rdacontent
337 -Typ mediów [ , ]
    • a
    • Tryb odtwarzania
    • Bez urządzenia pośredniczącego
    • b
    • Kod typu mediów
    • n
    • 2
    • Źródło (terminu i kodu)
    • rdamedia
338 -Typ/rodzaj nośnika [ , ]
    • a
    • Hasło opisujące typ nośnika
    • Wolumin
    • b
    • Kod typu nośnika
    • nc
    • 2
    • Źródło (terminu i kodu)
    • rdacarrier
490 -Strefa serii i książki wielotomowej - forma nie do wyszukiwania [1, ]
    • a
    • Tytuł (P)
    • Always Learning Find
830 -Hasło dodatkowe serii i opisu książki wielotomowej - tytuł ujednolicony/tytuł [ ,0]
    • a
    • Tytuł ujednolicony/tytuł (NP)
    • Always Learning
    • 9
    • KHW
    • 53526
500 -Uwaga ogólna [ , ]
    • a
    • Uwaga ogólna (NP)
    • Opis wg okł.
504 -Uwaga dot. bibliogr. załącznikowej [ , ]
    • a
    • Uwaga dot. bibliografii załącznikowej
    • Indeks.
530 -Uwaga dot. innej postaci fizycznej dokumentu [ , ]
    • a
    • Uwaga dot. innej postaci fizycznej dokumentu
    • Dostępne także w wersji online i na urządzenia mobilne.
080 -Uniwersalna Klasyfikacja Dziesiętna [ , ]
    • 2
    • Identyfikator wydania tablic
    • UDC-P058
    • 9
    • UKD
    • 16752
    • a
    • Symbol klasyfikacji
    • 811.111'36
    • b
    • Dopowiedzenie
    • Język angielski. - Gramatyka. Gramatyka generatywna.
    • 4
    • UKD2
    • 8056
    • x
    • Poddział wspólny
    • (076)
    • c
    • Dopowiedzenie poddz. wspólnego
    • (Materiały do ćwiczeń praktycznych. Zadania. Pytania i rozwiązania. Teksty programowane).
    • 4
    • UKD2
    • 7644
    • x
    • Poddział wspólny
    • =111
    • c
    • Dopowiedzenie poddz. wspólnego
    • =Język angielski.
650 -Hasło przedmiotowe [ ,7]
    • a
    • Hasło przedmiotowe
    • Język angielski
    • x
    • Określnik rzeczowy
    • gramatyka.
    • 2
    • Źródło terminu
    • kaba
    • 9
    • KHW
    • 374887
650 -Hasło przedmiotowe [ ,7]
    • a
    • Hasło przedmiotowe
    • Język angielski
    • x
    • Określnik rzeczowy
    • gramatyka
    • v
    • Określnik formalny
    • zadania i ćwiczenia.
    • 2
    • Źródło terminu
    • kaba
    • 9
    • KHW
    • 350002
980 -Symbol UKD [ , ]
    • a
    • UKD
    • 811.111'36(076)=111
700 -Hasło dodatkowe - nazwa osobowa [1, ]
    • a
    • Nazwa osobowa (NP)
    • Hall, Diane. Find
    • 9
    • KHW
    • 84428
710 -Hasło dodatkowe - nazwa ciała zbiorowego [2, ]
    • a
    • Nazwa ciała zbiorowego lub nazwa geograficzna jako pierwszy element (NP)
    • Pearson Education.
    • 4
    • Kod relacji
    • pbl
    • 9
    • KHW
    • 69404
920 -ISBN [ , ]
    • a
    • ISBN
    • 978-1-4082-9911-1 Find
    • q
    • Dopowiedzenie
    • with key
920 -ISBN [ , ]
    • a
    • ISBN
    • 978-1-4082-9912-8 Find
    • q
    • Dopowiedzenie
    • without key
920 -ISBN [ , ]
    • a
    • ISBN
    • 978-1-4082-9928-9 Find
    • q
    • Dopowiedzenie
    • Class audio CDs
Numer inwentarzowy Status udost. Data inwentaryzacji Lokalizacja Sygnatura
P.2525512016-02-04BMANG. Metodyka - gramatyka 24